The legal aid market : challenges for publicly funded immigration and asylum legal representation /

Bibliographic Details
Main Author: Wilding, Jo (Author)
Format: eBook
Language:English
Published: Bristol : Policy Press, 2021.
Subjects:
Online Access:Connect to the full text of this electronic book

MARC

Tag First Indicator Second Indicator Subfields
LEADER 00000cam a2200000Ii 4500
001 in00004366151
005 20220105160714.0
006 m o d
007 cr -n---------
008 210904s2021 enk ob 001 0 eng d
020 |a 9781447358527  |q electronic book 
020 |a 144735852X  |q electronic book 
020 |z 144735849X 
020 |z 9781447358497 
035 |a (NhCcYBP)jstor22573/CTV1WN8M6P 
040 |a NhCcYBP  |c NhCcYBP  |d UtOrBLW 
043 |a e-uk--- 
050 4 |a KD512  |b .W55 2021 
082 0 4 |a 362.5  |2 23 
100 1 |a Wilding, Jo,  |e author.  |0 http://id.loc.gov/authorities/names/nb99084632 
245 1 4 |a The legal aid market :  |b challenges for publicly funded immigration and asylum legal representation /  |c Jo Wilding. 
264 1 |a Bristol :  |b Policy Press,  |c 2021. 
300 |a 1 online resource. 
336 |a text  |b txt  |2 rdacontent 
337 |a computer  |b c  |2 rdamedia 
338 |a online resource  |b cr  |2 rdacarrier 
588 |a Description based upon online resource; title from PDF title page (viewed September 6, 2021). 
504 |a Includes bibliographical references and index. 
505 0 |a Front Cover -- The Legal Aid Market: Challenges for Publicly Funded Immigration and Asylum Legal Representation -- Copyright information -- Table of contents -- List of figures and tables -- List of terms and abbreviations -- Acknowledgments -- 1 Introduction -- Research basis -- The system -- 2 Evolution of immigration law, legal aid and lawyers -- Emergence of the immigration legal profession -- Development of legal aid: from autonomy to audit -- Early phase (1949-70) -- Expansion phase (1970-88) -- Early control phase (1988-99) -- Local planning phase (2000-06) -- Carter phase (2006-10) 
505 8 |a Austerity phase (from 2010) -- Why history matters -- Hostility as a policy driver -- 'Humans and econs' -- A whole-system perspective -- Policy debris -- 3 Business of Asylum Justice case studies -- Private firms -- Not-for-profits -- Refugee Legal Centre/Refugee and Migrant Justice -- Publicly funded Immigration Bar -- Conclusion -- 4 Broken swings and rusty roundabouts -- Fixed fees and the escape threshold -- Risk -- Payment lag and cash-flow crisis -- Transaction costs -- Economies of scale -- Conclusion -- 5 New framework for demand -- Two stories -- Ana's story -- Bella's story 
505 8 |a Four types of demand -- Potential-client demand -- In-case demand -- Value demand -- Failure demand -- Failure demand from Home Office -- Failure demand from Legal Aid Agency -- Failure demand from lawyers -- Failure demand from system incompatibilities -- Cost consequences of demand -- Demand- and incentive-responsiveness -- 6 Droughts and deserts -- Survival strategies and client access -- Reliance on subsidy -- Prioritisation decisions and minimisation of loss -- Solicitors and caseworkers -- Barristers -- Emergence of droughts and deserts -- 7 No Choice, no Voice, no Exit -- Choice -- Voice 
505 8 |a Command and Control versus Trust -- Poor quality in the market -- Development of a 'lemon market' -- Conclusion -- 8 Why we need to think about systems -- Conclusion -- Peer-review criteria -- civil files -- C. The Work/Assistance -- Appendix: Independent peer-review criteria and guidance -- Peer-review criteria -- civil files -- C. The Work/Assistance -- References -- Index -- Back Cover 
500 |a Electronic resource. 
650 0 |a Legal aid  |z Great Britain.  |0 http://id.loc.gov/authorities/subjects/sh2008106879 
650 0 |a Legal assistance to immigrants  |z Great Britain. 
655 7 |a Electronic books.  |2 local 
776 1 8 |i Print version:  |a Wilding, Jo  |t The Legal Aid Market  |d Bristol : Policy Press,c2021  |z 9781447358497 
856 4 0 |u http://proxy.library.tamu.edu/login?url=https://www.jstor.org/stable/10.2307/j.ctv1wnwtz1  |z Connect to the full text of this electronic book  |t 0 
955 |a JSTOR DDA record 
999 f f |s 3ae4994d-a80c-3616-99b0-090628396c9c  |i 5a508cf5-f348-3c46-a9dd-e9cc79c2aaf7  |t 0 
952 f f |a Texas A&M University  |b College Station  |c Electronic Resources  |d Available Online  |t 0  |e KD512 .W55 2021  |h Library of Congress classification 
998 f f |a KD512 .W55 2021  |t 0  |l Available Online